000 01284nam a22003617a 4500
003 CHAP
005 20220329141050.0
008 971013s1963 r 00010 d
010 _a62103
011 _a63075
035 _a67251
040 _cCHAP
090 _aTesis
100 0 0 _aPalomo González, Daniel R.
_985026
245 _aDatos sobre los nopales (Opuntia spp.) utilizados como forraje en el noreste de México
260 _aMonterrey, N.L. :
_bEl autor,
_c1963
300 _a63 h.
502 _aTesis (Ing. Agr.) -- Instituto Tecnológico y de Estudios Superiores de Monterrey. Escuela de Agricultura y Ganadería
590 _aALEPH
_b10
_c20130110
_lUCH01
_h1345
590 _aBATCH-UPD
_b10
_c20130109
_lUCH01
_h2337
590 _aBATCH-UPD
_b10
_c20130110
_lUCH01
_h0448
590 _aBATCH-UPD
_b10
_c20130409
_lUCH01
_h1906
590 _aBATCH-UPD
_b10
_c20130410
_lUCH01
_h0125
590 _aBATCH-UPD
_b10
_c20130914
_lUCH01
_h1431
590 _aCONVERSION
_b10
_c20130109
_lUCH01
_h1333
650 1 4 _aForrajes
_xMéxico.
_942582
650 1 4 _aNopal como forraje.
_981712
650 1 4 _aOpuntia.
_983387
901 _aBK
942 _cFOLL
949 _bBC
_cTES
_d-152482
_eTS1
_h30979
_i67251
_si
949 _bBC
_cTES
_d33724000690186
_eTS2
_fc.2
_h32406
_i67251
_kDonaciØn
_st
999 _c62103
_d62103